[Event "Open Tournament "]
[Site "SchemingMind.com"]
[Date "2007.05.04"]
[Round "-"]
[White "e_castle3"]
[Black "Lazaro"]
[Result "0-1"]
[WhiteCountry "PHI"]
[BlackCountry "CUB"]
[WhiteElo "1861"]
[WhiteRD "72"]
[BlackElo "1953"]
[BlackRD "69"]
[GameID "103228"]

1. e4 e5 2. Nf3 Nc6 3. Bb5 a6 4. Ba4 Nf6 5. O-O Nxe4 6. Re1 Nc5 7. Bxc6 dxc6 8. Nxe5 Be7 9. d4 Ne6 10. c3 O-O
11. Nd2 f6 12. Nd3 Bd6 13. Nf3 Re8 14. Qb3 Kh8 15. Bd2 b5 16. a4 Nf8 17. axb5 cxb5 18. Qd5 Bxh2+ 19. Kxh2 Qxd5 20. Rxe8 Qh5+
0-1

[Event "Open Tournament "]
[Site "SchemingMind.com"]
[Date "2007.05.05"]
[Round "-"]
[White "Lazaro"]
[Black "e_castle3"]
[Result "0-1"]
[WhiteCountry "CUB"]
[BlackCountry "PHI"]
[WhiteElo "1902"]
[WhiteRD "58"]
[BlackElo "1816"]
[BlackRD "68"]
[GameID "103229"]

1. d4 d5 2. c4 e6 3. cxd5 exd5 4. Nc3 Nf6 5. Bg5 Be7 6. e3 O-O 7. Bd3 Re8 8. Rc1 c6 9. Nge2 Nbd7 10. O-O Nf8
11. Ng3 Ng6 12. Bf5 h6 13. Bxg6 hxg5 14. Bf5 g6 15. Bxc8 Rxc8 16. Qa4 Qc7 17. b4 a6 18. Qb3 Kg7 19. a4 Qb8 20. b5 axb5
21. axb5 c5 22. dxc5 Rxc5 23. Nce2 b6 24. Nd4 Qc8 25. Nc6 Bd6 26. Nd4 Rxc1 27. Nc6 Rxf1+ 28. Nxf1 Re4 29. g3 Rc4 30. Kg2 Rxc6
31. bxc6 Qxc6
0-1

[Event "Open Tournament "]
[Site "SchemingMind.com"]
[Date "2007.05.06"]
[Round "-"]
[White "egis"]
[Black "e_castle3"]
[Result "1-0"]
[WhiteCountry "LTU"]
[BlackCountry "PHI"]
[WhiteElo "2005"]
[WhiteRD "74"]
[BlackElo "1774"]
[BlackRD "69"]
[GameID "103261"]

1. d4 Nf6 2. c4 g6 3. e3 Bg7 4. Nf3 O-O 5. Be2 b6 6. O-O Bb7 7. b3 d6 8. Nc3 Nbd7 9. a4 a5 10. Nb5 c6
11. Nc3 Qc7 12. Ba3 Rad8 13. Bd3 Rfe8 14. Ne4 c5 15. Nc3 e5 16. dxe5 dxe5 17. Nd2 Nf8 18. Be2 Ne6 19. Qc2 Rd7 20. Rad1 Red8
21. h3 Ne8 22. Nce4 f5 23. Nc3 Rd6 24. Nb5 Qe7 25. Nxd6 Rxd6 26. Nf3 Be4 27. Qc1 g5 28. Nd2 Bb7 29. Bh5 Nf6 30. Bf3 e4
31. Be2 g4 32. hxg4 fxg4 33. Bb2 h5 34. Be5 Rd7 35. Qc2 Ng5 36. Bg3 Nfh7 37. Bf4 Bc8 38. Kh1 Qf6 39. Bxg5 Nxg5 40. Nxe4 Qg6
41. Rxd7 Bxd7 42. Qd3 Nxe4 43. Qxd7 g3 44. Qd5+ Kh7 45. Bd3
1-0

[Event "Open Tournament "]
[Site "SchemingMind.com"]
[Date "2007.05.07"]
[Round "-"]
[White "egis"]
[Black "Lazaro"]
[Result "1-0"]
[WhiteCountry "LTU"]
[BlackCountry "CUB"]
[WhiteElo "2026"]
[WhiteRD "72"]
[BlackElo "1507"]
[BlackRD "47"]
[GameID "103262"]

1. d4 Nf6 2. e3 d5 3. Nf3 g6 4. Bd3 Bg7 5. c4 c6 6. O-O O-O 7. c5 b6 8. Nc3 Nbd7 9. b4 a5 10. Ba3 axb4
11. Bxb4 bxc5 12. dxc5 e5 13. Be2 Re8 14. a4 Bf8 15. Ba3 Bxc5 16. Bxc5 Nxc5 17. Nd2 Ba6 18. Bxa6 Nxa6 19. Qe2 d4 20. Nce4 Nd5
21. Nc4 f5 22. Ned6 Re6 23. exd4 Rxd6 24. Nxd6 Qxd6 25. dxe5 Qe6 26. f4 Nc5 27. a5 Nc3 28. Qf3 N3e4 29. Rfe1 Nb3 30. Ra3 Nbd2
31. Qd3 Nc4 32. Raa1 Qf7 33. Qd4 Qd5 34. Qxd5+ cxd5 35. a6 Nc5 36. a7
1-0

[Event "Open Tournament "]
[Site "SchemingMind.com"]
[Date "2007.05.06"]
[Round "-"]
[White "e_castle3"]
[Black "egis"]
[Result "1-0"]
[WhiteCountry "PHI"]
[BlackCountry "LTU"]
[WhiteElo "1783"]
[WhiteRD "70"]
[BlackElo "2015"]
[BlackRD "70"]
[GameID "103263"]

1. e4 c5 2. Nf3 d6 3. Bc4 Nf6 4. Nc3 e6 5. O-O Be7 6. Re1 O-O 7. d4 Nc6 8. d5 exd5 9. exd5 Na5 10. Bf1 b6
11. b3 Bg4 12. h3 Bxf3 13. Qxf3 Qd7 14. Bb2 Nb7 15. Re3 Na5 16. Rae1 Bd8 17. Bb5 Qc7 18. Ne4 Nxd5 19. Rd3 Nb7 20. Rxd5 Rb8
21. Qg3 f5 22. Nxd6 Nxd6 23. Rxd6 Bh4 24. Qe5 Kh8 25. Rd7 Qxd7 26. Bxd7 Bf6 27. Qxb8 Rxb8 28. Bxf6 gxf6 29. Re8+ Rxe8 30. Bxe8 Kg7
31. f4 Kh6 32. Kf2 Kg7 33. Ke3 h6 34. h4 Kh7 35. h5 Kg8 36. Bg6 Kf8 37. Bxf5 Ke7 38. Ke4 Kd6 39. Bc8 Ke7 40. Kf5 Kf7
41. g4 b5 42. Be6+ Kg7 43. a3 a5 44. c3 c4 45. b4 axb4 46. axb4 Kf8 47. Kxf6 Ke8 48. g5 hxg5 49. fxg5 Kd8 50. h6
1-0

[Event "Open Tournament "]
[Site "SchemingMind.com"]
[Date "2007.05.07"]
[Round "-"]
[White "Lazaro"]
[Black "egis"]
[Result "0-1"]
[WhiteCountry "CUB"]
[BlackCountry "LTU"]
[WhiteElo "1507"]
[WhiteRD "47"]
[BlackElo "2026"]
[BlackRD "72"]
[GameID "103264"]

1. d4 Nf6 2. c4 e6 3. Nf3 Bb4+ 4. Bd2 Bxd2+ 5. Nbxd2 O-O 6. e4 Nc6 7. Bd3 b6 8. O-O Ng4 9. h3 Nf6 10. a3 a5
11. e5 Nh5 12. Rc1 Ba6 13. Be4 g6 14. Re1 Rb8 15. Qc2 Ne7 16. b4 axb4 17. axb4 d5 18. exd6 cxd6 19. b5 Bc8 20. Nf1 Qc7
21. Red1 Bb7 22. Bxb7 Qxb7 23. Ng3 Nxg3 24. fxg3 d5 25. Kh2 Nf5 26. cxd5 Qxd5 27. Qc6 Rfc8 28. Qxd5 exd5 29. Rc6 Ne7 30. Rxc8+ Nxc8
31. Re1 Nd6 32. Re5 Nxb5 33. Rxd5 Nc3 34. Rd7 b5
0-1

[Event "Open Tournament "]
[Site "SchemingMind.com"]
[Date "2007.05.02"]
[Round "-"]
[White "Jordan Petrov"]
[Black "e_castle3"]
[Result "0-1"]
[WhiteCountry "BUL"]
[BlackCountry "PHI"]
[WhiteElo "1450"]
[WhiteRD "91"]
[BlackElo "1843"]
[BlackRD "71"]
[GameID "103335"]

1. e4 g6 2. d4 Bg7 3. Bc4 e6 4. Nf3 d5 5. exd5 exd5 6. Bd3 Qe7+ 7. Be3 Nf6 8. O-O O-O 9. Re1 Qb4 10. b3 Bg4
11. c3 Qd6 12. h3 Bxf3
0-1

[Event "Open Tournament "]
[Site "SchemingMind.com"]
[Date "2007.05.02"]
[Round "-"]
[White "e_castle3"]
[Black "Jordan Petrov"]
[Result "1-0"]
[WhiteCountry "PHI"]
[BlackCountry "BUL"]
[WhiteElo "1843"]
[WhiteRD "71"]
[BlackElo "1450"]
[BlackRD "91"]
[GameID "103338"]

1. Nf3 d5 2. g3 Bg4 3. Bg2 c5 4. O-O Nc6 5. h3 Bf5 6. d3 h6 7. g4 Bg6 8. Bf4 Nf6 9. Nbd2 e6 10. c3 Bd6
11. Bxd6 Qxd6 12. Re1
1-0

[Event "Open Tournament "]
[Site "SchemingMind.com"]
[Date "2007.05.02"]
[Round "-"]
[White "pinkfloydhomer"]
[Black "e_castle3"]
[Result "0-1"]
[WhiteCountry "DEN"]
[BlackCountry "PHI"]
[WhiteElo "1743"]
[WhiteRD "91"]
[BlackElo "1843"]
[BlackRD "71"]
[GameID "103365"]

1. e4 e5 2. d4 exd4 3. Nf3 Nc6 4. Bc4 Bb4+ 5. c3 dxc3 6. Nxc3 Qe7 7. O-O Bxc3 8. bxc3 d6 9. Re1 Be6 10. e5 O-O-O
11. Bg5 dxe5 12. Bxe6+ Qxe6 13. Bxd8 Nxd8 14. Nxe5 Nh6
0-1

[Event "Open Tournament "]
[Site "SchemingMind.com"]
[Date "2007.05.02"]
[Round "-"]
[White "pinkfloydhomer"]
[Black "Jordan Petrov"]
[Result "1-0"]
[WhiteCountry "DEN"]
[BlackCountry "BUL"]
[WhiteElo "1708"]
[WhiteRD "100"]
[BlackElo "1444"]
[BlackRD "105"]
[GameID "103368"]

1. e4 e5 2. d4 exd4 3. Nf3 Bc5 4. Bc4 d5 5. exd5 Bg4 6. O-O Ne7 7. d6 Qxd6 8. Bxf7+ Kxf7 9. Ng5+ Ke8 10. Qxg4 Nbc6
11. Re1 Ne5 12. Qe4 N5g6 13. Ne6 Kd7 14. Qg4 h5 15. Nxc5+ Kc6 16. Qg5
1-0

[Event "Open Tournament "]
[Site "SchemingMind.com"]
[Date "2007.05.03"]
[Round "-"]
[White "e_castle3"]
[Black "pinkfloydhomer"]
[Result "1-0"]
[WhiteCountry "PHI"]
[BlackCountry "DEN"]
[WhiteElo "1843"]
[WhiteRD "71"]
[BlackElo "1743"]
[BlackRD "91"]
[GameID "103369"]

1. e4 e5 2. Nf3 Nf6 3. Nc3 Nc6 4. Bb5 d6 5. O-O Bg4 6. h3 Bh5 7. Re1 Be7 8. g4 Bg6 9. Bf1 h5 10. g5 Nh7
11. h4 f6 12. Nd5 fxg5 13. Nxe7 Qxe7 14. hxg5
1-0

[Event "Open Tournament "]
[Site "SchemingMind.com"]
[Date "2007.05.02"]
[Round "-"]
[White "Jordan Petrov"]
[Black "pinkfloydhomer"]
[Result "0-1"]
[WhiteCountry "BUL"]
[BlackCountry "DEN"]
[WhiteElo "1444"]
[WhiteRD "105"]
[BlackElo "1708"]
[BlackRD "100"]
[GameID "103372"]

1. e4 e5 2. Nf3 Nf6 3. Nxe5 d6 4. Nf3 Nxe4 5. Qe2 Qe7 6. d3 Nf6 7. Bg5 Qxe2+ 8. Bxe2 Be7 9. O-O O-O 10. Nc3 h6
11. Bh4 Re8 12. Nb5 Na6 13. h3 c6 14. Nc3 Bf5 15. Rfe1 Nb4 16. Rac1 g5
0-1

[Event "Open Tournament "]
[Site "SchemingMind.com"]
[Date "2007.05.03"]
[Round "-"]
[White "ramanujan"]
[Black "e_castle3"]
[Result "0-1"]
[WhiteCountry "IND"]
[BlackCountry "PHI"]
[WhiteElo "1916"]
[WhiteRD "84"]
[BlackElo "1784"]
[BlackRD "74"]
[GameID "103543"]

1. e4 e5 2. Nf3 Nc6 3. Bb5 a6 4. Ba4 b5 5. Bb3 h6 6. O-O Nf6 7. d4 exd4 8. e5 Nh7 9. Nxd4 Nxd4 10. Qxd4 Bb7
11. Qf4 Ng5 12. h4 Ne6 13. Bxe6 dxe6 14. Nc3 Be7 15. Qg4 Kf8 16. f4 Bxh4 17. f5 exf5 18. Qxf5 Qe7 19. Be3 Kg8 20. Rad1 g6
21. Qg4 h5 22. Rd7 hxg4 23. Rxe7 Bxe7 24. Ne2 Rh5 25. Bf4 Bc5+ 26. Rf2 Rd8
0-1

[Event "Open Tournament "]
[Site "SchemingMind.com"]
[Date "2007.05.07"]
[Round "-"]
[White "ramanujan"]
[Black "egis"]
[Result "1-0"]
[WhiteCountry "IND"]
[BlackCountry "LTU"]
[WhiteElo "1875"]
[WhiteRD "92"]
[BlackElo "2015"]
[BlackRD "70"]
[GameID "103544"]

1. e4 c5 2. Nf3 Nc6 3. d4 cxd4 4. Nxd4 Qa5+ 5. Bd2 Qe5 6. Nxc6 bxc6 7. Nc3 e6 8. f4 Qa5 9. Bd3 Bd6 10. Qg4 Kf8
11. e5 Bc5 12. f5 exf5 13. Qxf5 Ne7 14. Qf3 Qc7 15. O-O-O Qxe5 16. Rhf1 f6 17. Rde1 Qxh2 18. Bf4 Qh4 19. g3 Qh2 20. Re2 Qh3
21. Rh1 Qe6 22. Rxe6 dxe6 23. Ne4 Bd4 24. c3 Bb6 25. Bd6 f5 26. g4 Ke8 27. Nc5 Bxc5 28. Bxc5 Rb8 29. gxf5 Rb7 30. Ba6 Rc7
31. Qg3 Nd5 32. Bxc8 g5 33. Bxe6 Nf4 34. Qe3 Rf8 35. Bc4+ Kd8 36. Rd1+ Nd5 37. Bxd5 cxd5 38. Rxd5+ Kc8 39. Bxf8 a6 40. Qb6 a5
41. Qa6+ Rb7 42. Qa8+
1-0

[Event "Open Tournament "]
[Site "SchemingMind.com"]
[Date "2007.05.04"]
[Round "-"]
[White "ramanujan"]
[Black "Lazaro"]
[Result "1-0"]
[WhiteCountry "IND"]
[BlackCountry "CUB"]
[WhiteElo "1869"]
[WhiteRD "90"]
[BlackElo "1902"]
[BlackRD "58"]
[GameID "103545"]

1. e4 e5 2. Nf3 Nc6 3. Bc4 Bc5 4. c3 Nf6 5. b4 Bb6 6. d3 d6 7. Nbd2 O-O 8. Bb2 Be6= 9. O-O Bg4 10. Qb3 a5
11. a4 Qe7 12. b5 Nd8 13. Ba3 Be6 14. Nxe5 Bxc4 15. Nexc4 Ba7 16. e5 Ne8 17. b6 Bxb6 18. exd6 Qd7 19. Rae1 Ne6 20. Ne5 Qd8
21. dxc7 Qxc7 22. Bxf8 Kxf8 23. Qxb6
1-0

[Event "Open Tournament "]
[Site "SchemingMind.com"]
[Date "2007.05.03"]
[Round "-"]
[White "ramanujan"]
[Black "pinkfloydhomer"]
[Result "1-0"]
[WhiteCountry "IND"]
[BlackCountry "DEN"]
[WhiteElo "1938"]
[WhiteRD "84"]
[BlackElo "1708"]
[BlackRD "90"]
[GameID "103546"]

1. d4 d5 2. c4 c6 3. Nf3 Nf6 4. Nc3 e6 5. Bg5 Be7 6. e3 O-O 7. Qc2 h6 8. h4 Na6 9. a3 Bd7 10. Bxf6 Bxf6
11. g4
1-0

[Event "Open Tournament "]
[Site "SchemingMind.com"]
[Date "2007.05.03"]
[Round "-"]
[White "ramanujan"]
[Black "Jordan Petrov"]
[Result "1-0"]
[WhiteCountry "IND"]
[BlackCountry "BUL"]
[WhiteElo "1938"]
[WhiteRD "84"]
[BlackElo "1444"]
[BlackRD "95"]
[GameID "103547"]

1. d4 d5 2. c4 e6 3. Nc3 Bb4 4. Nf3 Nc6 5. e3 Nf6 6. Bd2 O-O 7. Bd3 h6 8. Qe2 b6 9. O-O-O Na5 10. e4 dxc4
11. Bc2 Bb7 12. g4 Bxc3 13. bxc3 Qd6 14. g5 Qa3+ 15. Kb1 Nb3 16. gxf6 Nxd2+ 17. Qxd2 a5 18. fxg7 Kxg7 19. Rhg1+
1-0

[Event "Open Tournament "]
[Site "SchemingMind.com"]
[Date "2007.05.03"]
[Round "-"]
[White "e_castle3"]
[Black "ramanujan"]
[Result "0-1"]
[WhiteCountry "PHI"]
[BlackCountry "IND"]
[WhiteElo "1784"]
[WhiteRD "74"]
[BlackElo "1916"]
[BlackRD "84"]
[GameID "103548"]

1. e4 c5 2. Nf3 d6 3. g3 Nc6 4. Bg2 Nf6 5. Nc3 g6 6. O-O Bg7 7. d3 O-O 8. Bg5 h6 9. Bd2 a6 10. Qc1 Kh7
11. Ne2 b5 12. c3 e5 13. Qc2 Bb7 14. Rad1 Rc8 15. Bh3 Nd7 16. Rfe1 f5 17. Bg2 Ne7 18. h4 Nf6 19. c4 fxe4 20. cxb5 exd3
21. Qxd3 e4
0-1

[Event "Open Tournament "]
[Site "SchemingMind.com"]
[Date "2007.05.07"]
[Round "-"]
[White "egis"]
[Black "ramanujan"]
[Result "1-0"]
[WhiteCountry "LTU"]
[BlackCountry "IND"]
[WhiteElo "2015"]
[WhiteRD "70"]
[BlackElo "1875"]
[BlackRD "92"]
[GameID "103549"]

1. d4 Nf6 2. e3 g6 3. Bd3 Bg7 4. Nf3 O-O 5. O-O d5 6. Nc3 Nbd7 7. b3 c6 8. a4 e5 9. Ba3 Re8 10. dxe5 Nxe5
11. Nxe5 Rxe5 12. Ne2 Ng4 13. h3 Nxe3 14. fxe3 Rxe3 15. Bc5 Re8 16. Rb1 b6 17. Bd4 c5 18. Bxg7 Kxg7 19. Nf4 Qg5 20. Qf3 Be6
21. Nxe6+ fxe6 22. Bb5 Rf8 23. Qe2 e5 24. Bc6 Rad8 25. Rxf8 Kxf8 26. Bxd5 Kg7 27. c4 Rf8 28. Be4 Rd8 29. Qf3 Qd2 30. Bd5 Rf8
31. Qe4 Qf2+ 32. Kh1 Rf5 33. Be6 Kf6 34. Bxf5 gxf5 35. Qc6+ Kg5 36. Qc7 e4 37. Rd1 e3 38. Qg7+ Kf4 39. Rd5
1-0

[Event "Open Tournament "]
[Site "SchemingMind.com"]
[Date "2007.05.05"]
[Round "-"]
[White "Lazaro"]
[Black "ramanujan"]
[Result "1/2-1/2"]
[WhiteCountry "CUB"]
[BlackCountry "IND"]
[WhiteElo "1507"]
[WhiteRD "47"]
[BlackElo "1871"]
[BlackRD "97"]
[GameID "103550"]

1. d4 Nf6 2. c4 g6 3. Nc3 Bg7 4. e4 d6 5. Nf3 O-O 6. Be2 e5 7. dxe5 dxe5 8. Qxd8 Rxd8 9. Bg5 h6 10. Bxf6 Bxf6
11. Nd5 Rxd5 12. cxd5 c6 13. Bc4 b5 14. Bb3 c5 15. a4 b4 16. Rc1 Nd7 17. Nd2 Ba6 18. Bc4 Bxc4 19. Nxc4 Bg5 20. Rd1 Nb6
21. Nxb6 axb6 22. b3 c4 23. bxc4 Rxa4 24. O-O b3 25. Rb1 Rb4 26. g3 Be7 27. Rfc1 Bc5 28. Rc3 Bd4 29. Rcc1 f5 30. exf5 gxf5
31. Kf1 Kf7 32. Ke2 Ke7 33. Kd3 Kd6 34. f4 b2 35. fxe5+ Bxe5 36. Rc2 Rb3+ 37. Ke2 h5 38. Kf2 h4 39. gxh4 Rh3 40. Kg1 Rxh4
41. Kh1 Rh3 42. Rbxb2 Bxb2= 43. Rxb2 Kc7= 44. Kg2 Rc3 45. Rb4 Kb7 46. h4 Kc7 47. h5 f4 48. h6 Rg3+ 49. Kf2 Rh3 50. d6+ Kxd6
51. Rxb6+ Kc5 52. Rf6 Kxc4 53. Kg2 Rh4 54. Kf3 Kd5 55. Rxf4=
1/2-1/2

[Event "Open Tournament "]
[Site "SchemingMind.com"]
[Date "2007.05.03"]
[Round "-"]
[White "Jordan Petrov"]
[Black "ramanujan"]
[Result "0-1"]
[WhiteCountry "BUL"]
[BlackCountry "IND"]
[WhiteElo "1444"]
[WhiteRD "95"]
[BlackElo "1938"]
[BlackRD "84"]
[GameID "103552"]

1. e4 e5 2. Nf3 Nc6 3. Bc4 Nf6 4. d3 Bc5 5. Bg5 Na5 6. b3 d6 7. Nc3 Nxc4 8. bxc4 c6 9. O-O a6 10. Na4 Ba7
11. h3 O-O 12. Nh2 Qa5 13. Bxf6 gxf6 14. Nb2 f5 15. Qh5 f6 16. exf5 Bd4 17. Rab1 Qxa2 18. Ng4 Bxb2
0-1

[Event "Open Tournament "]
[Site "SchemingMind.com"]
[Date "2007.05.03"]
[Round "-"]
[White "nwhitelaw"]
[Black "ramanujan"]
[Result "0-1"]
[WhiteCountry "GBR"]
[BlackCountry "IND"]
[WhiteElo "1422"]
[WhiteRD "78"]
[BlackElo "1938"]
[BlackRD "84"]
[GameID "103565"]

1. e4 e5 2. Nf3 Nc6 3. d4 exd4 4. Nxd4 Nf6 5. Nc3 Bb4 6. Bc4 Nxe4 7. Qe2 Qe7 8. O-O Nxc3 9. Qxe7+ Nxe7 10. Bd2 Ne2+
11. Bxe2 Bxd2 12. c3 c6 13. Rad1 Bf4 14. g3 Bc7 15. f4 O-O 16. f5 Nd5 17. Rd3 Re8 18. Re1 d6 19. c4 Nf6 20. g4 b5
21. cxb5 cxb5 22. Nxb5 Bb6+ 23. Kg2 Bb7+ 24. Bf3 Bxf3+ 25. Rxf3 Rxe1 26. Nxd6 Rd8 27. Nc4 Rg1+ 28. Kh3 Nxg4 29. Nxb6 axb6 30. b4 Rd2
31. Re3 Rxh2#
0-1

[Event "Open Tournament "]
[Site "SchemingMind.com"]
[Date "2007.05.03"]
[Round "-"]
[White "nwhitelaw"]
[Black "e_castle3"]
[Result "0-1"]
[WhiteCountry "GBR"]
[BlackCountry "PHI"]
[WhiteElo "1305"]
[WhiteRD "74"]
[BlackElo "1784"]
[BlackRD "74"]
[GameID "103566"]

1. e4 g6 2. Bc4 Bg7 3. Nf3 e6 4. d4 Ne7 5. O-O d5 6. Bd3 dxe4 7. Bxe4 O-O 8. Na3 Nd7 9. Bf4 Nf6 10. Nb5 Nxe4
11. Bxc7 Qd7 12. c4 a6 13. Ne5 Bxe5 14. dxe5 axb5 15. Bd6 Nxd6 16. exd6 Nf5 17. c5 b6 18. b4 bxc5 19. bxc5 Bb7 20. g4 Qc6
21. gxf5 Qg2#
0-1

[Event "Open Tournament "]
[Site "SchemingMind.com"]
[Date "2007.05.07"]
[Round "-"]
[White "nwhitelaw"]
[Black "egis"]
[Result "0-1"]
[WhiteCountry "GBR"]
[BlackCountry "LTU"]
[WhiteElo "1463"]
[WhiteRD "79"]
[BlackElo "1988"]
[BlackRD "77"]
[GameID "103567"]

1. e4 c6 2. Nc3 d5 3. exd5 cxd5 4. Nf3 e6 5. Ne5 a6 6. Qf3 Nf6 7. d4 Bb4 8. Bg5 O-O 9. Bd3 b5 10. Bh6 Bxc3+
11. bxc3 gxh6 12. O-O Nfd7 13. Ng4 Qg5 14. Rae1 Nc6 15. g3 h5 16. h4 Qg7 17. a4 bxa4 18. c4 Nxd4 19. Qf4 hxg4 20. h5 f5
21. cxd5 Nf3+ 22. Kh1 Nxe1 23. Rxe1 Nc5 24. h6 Qg6 25. Qc7 Qxh6+ 26. Kg1 Qd2 27. Re2 Qd1+ 28. Kg2 Nxd3 29. dxe6 Qxe2 30. cxd3 Bxe6
31. Qf4 Bd5+ 32. Kh2 Rf6 33. Qg5+ Rg6
0-1

[Event "Open Tournament "]
[Site "SchemingMind.com"]
[Date "2007.05.06"]
[Round "-"]
[White "nwhitelaw"]
[Black "Lazaro"]
[Result "0-1"]
[WhiteCountry "GBR"]
[BlackCountry "CUB"]
[WhiteElo "1463"]
[WhiteRD "79"]
[BlackElo "1902"]
[BlackRD "58"]
[GameID "103568"]

1. e4 e5 2. Nf3 Nc6 3. d4 exd4 4. Nxd4 Nf6 5. Bc4 d6 6. Nxc6 bxc6 7. O-O d5 8. exd5 cxd5 9. Bb5+ Bd7 10. Re1+ Be7
11. Nc3 c6 12. Ba6 O-O 13. Bf4 Qb6 14. Qd3 Bb4 15. Be3 Qc7 16. a3 Bd6 17. g3 Bc8 18. b4 Ng4 19. Bxc8 Raxc8 20. Qf5 Nxe3
21. fxe3 Be5 22. b5 Bxc3 23. Rad1 Bxe1 24. Rxe1 Rfe8 25. g4 cxb5 26. Qxd5 Qxc2 27. Qxb5 Qd2 28. Rf1 Qxe3+ 29. Rf2 Rc2 30. Qf1 Rxf2
31. Qxf2 Qxf2+ 32. Kxf2 Re4 33. Kf3 Ra4 34. h4 Rxa3+ 35. Kf4 a5 36. g5 a4
0-1

[Event "Open Tournament "]
[Site "SchemingMind.com"]
[Date "2007.05.03"]
[Round "-"]
[White "nwhitelaw"]
[Black "pinkfloydhomer"]
[Result "1-0"]
[WhiteCountry "GBR"]
[BlackCountry "DEN"]
[WhiteElo "1422"]
[WhiteRD "78"]
[BlackElo "1743"]
[BlackRD "91"]
[GameID "103569"]

1. e4 e5 2. Nf3 Nf6 3. Bc4 Nc6 4. d4 d6 5. Nc3 Bg4 6. O-O Nxd4 7. Qd3 Nxf3+ 8. gxf3 Bh3 9. Re1 Nh5 10. f4 Qh4
11. fxe5
1-0

[Event "Open Tournament "]
[Site "SchemingMind.com"]
[Date "2007.05.04"]
[Round "-"]
[White "ramanujan"]
[Black "nwhitelaw"]
[Result "1-0"]
[WhiteCountry "IND"]
[BlackCountry "GBR"]
[WhiteElo "1916"]
[WhiteRD "84"]
[BlackElo "1305"]
[BlackRD "74"]
[GameID "103571"]

1. e4 e5 2. d4 Nc6 3. d5 Na5 4. Bd2 c6 5. b4 cxd5 6. bxa5 dxe4 7. Bb5 a6 8. Ba4 Bc5 9. Qg4 Qf6 10. Nh3 Nh6
11. Qxe4 O-O 12. O-O d6 13. Ng5 g6 14. Qh4 Kg7 15. Bb3 e4 16. Ne6+ Bxe6 17. Bxh6+
1-0

[Event "Open Tournament "]
[Site "SchemingMind.com"]
[Date "2007.05.04"]
[Round "-"]
[White "e_castle3"]
[Black "nwhitelaw"]
[Result "1-0"]
[WhiteCountry "PHI"]
[BlackCountry "GBR"]
[WhiteElo "1784"]
[WhiteRD "74"]
[BlackElo "1305"]
[BlackRD "74"]
[GameID "103572"]

1. Nf3 Nc6 2. d4 d5 3. c4 dxc4 4. e4 e5 5. d5 Na5 6. Qa4+ c6 7. Bd2 Bd6 8. Bxa5 Bc7 9. Bxc7 Qxc7 10. Nc3 Bd7
11. Qxc4 Nf6 12. Be2 Qa5 13. O-O cxd5 14. exd5 O-O 15. Nxe5 Rac8 16. Qd4 Rc5 17. Nxd7 Nxd7 18. b4 Qb6 19. bxc5 Nxc5 20. Bf3 Qa5
21. Ne4 f5 22. Nxc5 b5 23. Ne6
1-0

[Event "Open Tournament "]
[Site "SchemingMind.com"]
[Date "2007.05.07"]
[Round "-"]
[White "egis"]
[Black "nwhitelaw"]
[Result "1-0"]
[WhiteCountry "LTU"]
[BlackCountry "GBR"]
[WhiteElo "1988"]
[WhiteRD "77"]
[BlackElo "1463"]
[BlackRD "79"]
[GameID "103573"]

1. Nf3 d5 2. d4 Bf5 3. e3 Nf6 4. Bd3 e6 5. Bxf5 exf5 6. O-O Bd6 7. c3 O-O 8. Nbd2 c5 9. dxc5 Bxc5 10. b4 Bd6
11. a4 Qc7 12. Bb2 Ng4 13. h3 Nh2 14. Re1 f4 15. Nxh2 fxe3 16. Rxe3 Bxh2+ 17. Kf1 Nd7 18. Rd3 b5 19. axb5 Nb6 20. g3 Rfe8
21. Kg2 Bxg3 22. Rxg3 Rad8 23. Nf3 Nc4 24. Ra2 Re3 25. Qd4 Re5 26. Nxe5 Nxe5 27. Rxa7 Qd6 28. c4 f6 29. c5 Qe6 30. Rgxg7+ Kf8
31. Rxh7 Rd7 32. Ra8+
1-0

[Event "Open Tournament "]
[Site "SchemingMind.com"]
[Date "2007.05.07"]
[Round "-"]
[White "Lazaro"]
[Black "nwhitelaw"]
[Result "1-0"]
[WhiteCountry "CUB"]
[BlackCountry "GBR"]
[WhiteElo "1953"]
[WhiteRD "69"]
[BlackElo "1435"]
[BlackRD "83"]
[GameID "103574"]

1. e4 Nc6 2. d4 d5 3. e5 e6 4. c3 Na5 5. Nf3 f6 6. exf6 Qxf6 7. Qa4+ c6 8. Qxa5 Bd6 9. Bg5 b6 10. Bxf6 bxa5
11. Bxg7 Rb8 12. b3 Be7 13. Bxh8 Nh6 14. Bd3 Nf7 15. Be5 Nxe5 16. Nxe5 Bf6 17. Bxh7 Bxe5 18. dxe5 Rb7 19. Bd3 Rg7 20. Nd2 Rxg2
21. h4 c5 22. h5 Kf7 23. h6 Kg8 24. O-O-O Rxf2 25. Rdg1+
1-0

[Event "Open Tournament "]
[Site "SchemingMind.com"]
[Date "2007.05.03"]
[Round "-"]
[White "pinkfloydhomer"]
[Black "nwhitelaw"]
[Result "0-1"]
[WhiteCountry "DEN"]
[BlackCountry "GBR"]
[WhiteElo "1743"]
[WhiteRD "91"]
[BlackElo "1422"]
[BlackRD "78"]
[GameID "103575"]

1. e4 c6 2. d4 Nf6 3. e5 Nd5 4. c4 Nb4 5. a3 Qa5 6. Bd2 N8a6 7. Nc3 c5 8. axb4 Qxb4 9. Nd5 Qxb2 10. Bc3 Qxa1
0-1

[Event "Open Tournament "]
[Site "SchemingMind.com"]
[Date "2007.05.04"]
[Round "-"]
[White "Coloplast"]
[Black "ramanujan"]
[Result "0-1"]
[WhiteCountry "SWE"]
[BlackCountry "IND"]
[WhiteElo "2012"]
[WhiteRD "70"]
[BlackElo "1945"]
[BlackRD "83"]
[GameID "103597"]

1. e4 e5 2. Nc3 Nc6 3. f4 exf4 4. Nf3 g5 5. Bc4 g4 6. Ng1 Qh4+ 7. Kf1 Bc5 8. Qe1 Qxe1+ 9. Kxe1 Nd4 10. Bb3 Ne7
11. d3 f3 12. gxf3 gxf3 13. Nh3 d6 14. Ng5 h6 15. Nxf7 f2+
0-1

[Event "Open Tournament "]
[Site "SchemingMind.com"]
[Date "2007.05.05"]
[Round "-"]
[White "Coloplast"]
[Black "e_castle3"]
[Result "0-1"]
[WhiteCountry "SWE"]
[BlackCountry "PHI"]
[WhiteElo "1769"]
[WhiteRD "73"]
[BlackElo "1816"]
[BlackRD "68"]
[GameID "103598"]

1. d4 d5 2. c4 e6 3. Nc3 Nf6 4. Bf4 Bd6 5. Bg3 Bxg3 6. hxg3 c6 7. e3 Nbd7 8. Nf3 Qc7 9. Qc2 b6 10. cxd5 exd5
11. Bd3 Bb7 12. Ke2 O-O-O 13. Qa4 Kb8 14. Rac1 Qd6 15. b4 h6 16. a3 Rhe8 17. Rh4 Qe6 18. Qc2 Re7 19. Bf5 Qd6 20. Bxd7 Nxd7
21. Qf5 Ka8 22. Qf4 Qe6 23. Qg4 Qxg4 24. Rxg4 g5 25. Nxg5 hxg5 26. Rxg5 Rh8 27. Rg7 Nf8 28. Kf3 Bc8 29. Nxd5 cxd5 30. Rxc8+ Kb7
31. Rc1 Ne6 32. Rg4 Ree8 33. Rh4 Rhg8 34. g4 Ng5+
0-1

[Event "Open Tournament "]
[Site "SchemingMind.com"]
[Date "2007.05.07"]
[Round "-"]
[White "Coloplast"]
[Black "egis"]
[Result "0-1"]
[WhiteCountry "SWE"]
[BlackCountry "LTU"]
[WhiteElo "1769"]
[WhiteRD "73"]
[BlackElo "1988"]
[BlackRD "77"]
[GameID "103599"]

1. e4 c5 2. Nf3 Nc6 3. d4 cxd4 4. Nxd4 Qa5+ 5. Nc3 Nxd4 6. Qxd4 e6 7. Bd2 Nf6 8. f3 Bc5 9. Qa4 Qc7 10. O-O-O O-O
11. g3 b6 12. Bf4 d6 13. b4 e5 14. Nb5 Qc6 15. bxc5 exf4
0-1